[Event "Championnat de Paris Open A"]
[Site "Paris"]
[Date "2012.07.12"]
[Round "6.66"]
[White "Ek, Alexandre"]
[Black "Jacquet, Stephane"]
[Result "1-0"]
[WhiteElo "1896"]
[BlackElo "1976"]
[PlyCount "69"]
[EventDate "2012.??.??"]

1. e4 d6 2. d4 Nf6 3. Nc3 g6 4. Bg5 Bg7 5. e5 Nfd7 6. Nd5 Nc6 7. Bb5 h6 8. Bh4
g5 9. Bxc6 bxc6 10. Nb4 Bb7 11. d5 Nxe5 12. Bg3 cxd5 13. Nxd5 e6 14. Ne3 c5 15.
c3 d5 16. Bxe5 Bxe5 17. Nf3 Bf6 18. O-O Qc7 19. Ng4 Be7 20. Nfe5 h5 21. Qa4+
Kf8 22. Nd7+ Kg7 23. Nge5 Bd6 24. f4 g4 25. h3 f5 26. b4 c4 27. Qd1 Rh6 28. Qd4
Kh7 29. hxg4 hxg4 30. Kf2 Rh8 31. Nf7 Bxf4 32. Qxh8+ Kg6 33. Qg8+ Kh5 34. Rh1+
Bh2 35. Qg5# 1-0

[Event "Championnat de Paris Open A"]
[Site "Paris"]
[Date "2012.07.12"]
[Round "6.84"]
[White "Marcelin, Philippe"]
[Black "Marchand, Andre"]
[Result "1/2-1/2"]
[WhiteElo "1851"]
[BlackElo "1944"]
[PlyCount "44"]
[EventDate "2012.??.??"]

1. Nf3 Nf6 2. c4 c6 3. g3 g6 4. b3 Bg7 5. Bb2 O-O 6. Bg2 d5 7. O-O Nbd7 8. Qc2
Re8 9. d4 Ne4 10. Rd1 Ndf6 11. Nh4 g5 12. Nf3 h6 13. Nc3 Bf5 14. Qc1 e6 15. Ne5
Rc8 16. f3 Nxc3 17. Bxc3 Nd7 18. Nxd7 Qxd7 19. Qb2 Bg6 20. Rd2 f5 21. e3 Qf7
22. c5 f4 1/2-1/2

[Event "Championnat de Paris Open A"]
[Site "Paris"]
[Date "2012.07.12"]
[Round "6.92"]
[White "Sebag, Joel"]
[Black "Conq, Alain"]
[Result "1/2-1/2"]
[WhiteElo "1899"]
[BlackElo "1850"]
[PlyCount "95"]
[EventDate "2012.??.??"]

1. c4 c6 2. g3 d5 3. Nf3 Nf6 4. Bg2 Bf5 5. cxd5 cxd5 6. Qb3 Qc7 7. Nc3 e6 8. d3
Nc6 9. O-O a6 10. Be3 b5 11. Rfc1 Qb7 12. Re1 Bd6 13. a4 Na5 14. Qd1 b4 15. Nb1
O-O 16. Nbd2 b3 17. Nd4 Bg6 18. N2xb3 Nxb3 19. Qxb3 Qxb3 20. Nxb3 Rfb8 21. Bc5
Bxc5 22. Nxc5 Rxb2 23. Kf1 a5 24. Rec1 Kf8 25. Rc3 Rab8 26. Bf3 Ke7 27. Rac1
Rb1 28. Na6 Rxc1+ 29. Rxc1 Rb6 30. Nc5 Rc6 31. Nb3 Rxc1+ 32. Nxc1 Nd7 33. Nb3
Nb6 34. Nxa5 Nxa4 35. Nb3 Kd6 36. h4 h5 37. Ke1 e5 38. Kd2 e4 39. dxe4 dxe4 40.
Bg2 Kd5 41. Ke3 Ke5 42. f4+ Kd5 43. Bh3 Nb2 44. Kd2 Nc4+ 45. Kc3 Ne3 46. Nd2
Bf5 47. Bxf5 Nxf5 48. Nf1 1/2-1/2

[Event "Championnat de Paris Open A"]
[Site "Paris"]
[Date "2012.07.12"]
[Round "6.97"]
[White "Aron-Samuel, Emmanuel"]
[Black "Nossein, Francis"]
[Result "0-1"]
[WhiteElo "1842"]
[BlackElo "1816"]
[PlyCount "38"]
[EventDate "2012.??.??"]

1. c4 Nf6 2. Nc3 c5 3. Nf3 Nc6 4. d4 cxd4 5. Nxd4 e6 6. g3 Qa5 7. Ndb5 Bc5 8.
Bd2 O-O 9. Ne4 Nxe4 10. e3 Nxd2 11. Nc3 Nxf1 12. Kxf1 Qb4 13. Qc2 Qxc4+ 14. Kg2
Nb4 15. Qd1 b6 16. Rf1 Bb7+ 17. Kg1 Nd3 18. Qh5 f6 19. Ne2 Ne5 0-1

[Event "Championnat de Paris Open A"]
[Site "Paris"]
[Date "2012.07.13"]
[Round "7.1"]
[White "Gervasio, Ricardo"]
[Black "Ustianovich, Nazar"]
[Result "0-1"]
[WhiteElo "2267"]
[BlackElo "2197"]
[PlyCount "64"]
[EventDate "2012.??.??"]

1. d4 d5 2. Nf3 c6 3. e3 Nf6 4. c4 a6 5. Ne5 e6 6. Bd3 dxc4 7. Bxc4 c5 8. O-O
Nbd7 9. f4 cxd4 10. exd4 Be7 11. Nc3 Nb6 12. Bb3 O-O 13. Kh1 Nbd5 14. Qf3 Qd6
15. Bd2 b5 16. Rae1 Bb7 17. Qh3 g6 18. a3 Rac8 19. f5 exf5 20. Bg5 Nxc3 21.
Nxf7 Rxf7 22. Re6 Ncd5 23. Rxd6 Bxd6 24. Bxf6 Nxf6 25. Bxf7+ Kxf7 26. Kg1 Bd5
27. Qh6 Rc2 28. Rf2 Rxf2 29. Qc1 Rxg2+ 30. Kf1 Ng4 31. Qc8 Ne3+ 32. Ke1 Bf3 0-1

[Event "Championnat de Paris Open A"]
[Site "Paris"]
[Date "2012.07.13"]
[Round "7.2"]
[White "Larrat, Philippe"]
[Black "Toulzac, Pierre-Yves"]
[Result "1-0"]
[WhiteElo "2230"]
[BlackElo "2273"]
[PlyCount "93"]
[EventDate "2012.??.??"]

1. e4 c5 2. c3 b6 3. d4 Bb7 4. Bd3 Nf6 5. Nd2 cxd4 6. cxd4 Nc6 7. Ne2 e5 8. d5
Nb4 9. Bb1 Bc5 10. O-O a5 11. a3 Na6 12. Nf3 Qe7 13. Ng3 g6 14. Bd3 Bd6 15. Be3
Nc5 16. Bc2 Ng4 17. Bg5 f6 18. Bd2 Ba6 19. Re1 h5 20. Nh4 Qh7 21. b4 Nb7 22. h3
Nh6 23. b5 Bxb5 24. Rb1 Ba6 25. Rxb6 O-O 26. Bxh6 Qxh6 27. Nhf5 gxf5 28. Nxf5
Qh7 29. Nxd6 Nxd6 30. Rxd6 Qe7 31. Rb6 Qc5 32. Rb3 Rf7 33. Rg3+ Rg7 34. Ree3
Rc8 35. Qxh5 Qxc2 36. Rxg7+ Kxg7 37. Rg3+ Kf8 38. Qh8+ Ke7 39. Qg7+ Ke8 40.
Qxf6 Qc1+ 41. Kh2 Qf4 42. Qxa6 Rc2 43. d6 Qxe4 44. Qb6 Qf4 45. Qb8+ Kf7 46.
Qg8+ Kf6 47. Qg6# 1-0

[Event "Championnat de Paris Open A"]
[Site "Paris"]
[Date "2012.07.13"]
[Round "7.3"]
[White "Ribeiro, Romain"]
[Black "Rabineau, Clement"]
[Result "1-0"]
[WhiteElo "2204"]
[BlackElo "2270"]
[PlyCount "77"]
[EventDate "2012.??.??"]

1. e4 d5 2. exd5 Qxd5 3. Nc3 Qd6 4. d4 Nf6 5. Nb5 Qb6 6. Bf4 Nd5 7. Qf3 Nxf4 8.
Qxf4 Na6 9. O-O-O Qh6 10. Qxh6 gxh6 {=} 11. Nc3 Nb8 12. Nf3 c6 13. d5 Bg4 14.
Be2 Bg7 15. h3 Bxf3 16. Bxf3 Bxc3 17. bxc3 Rg8 18. Rhe1 cxd5 19. Rxd5 Nc6 20.
g3 Rg5 21. c4 e6 22. h4 Rxd5 23. cxd5 Nd4 24. Be4 O-O-O 25. dxe6 fxe6 26. Bxh7
Rf8 27. f4 Rf7 28. Bg6 Rg7 29. h5 Kc7 30. Re4 Rd7 31. c3 Nf3 32. Rxe6 Rd6 33.
Re7+ Rd7 34. Rxd7+ Kxd7 35. Be4 Nh2 36. Bxb7 Ke6 37. Kd1 Kf5 38. Bc8+ Ke4 39.
Ke2 1-0

[Event "Championnat de Paris Open A"]
[Site "Paris"]
[Date "2012.07.13"]
[Round "7.4"]
[White "Bouton, Christophe"]
[Black "Sochacki, Wojtek"]
[Result "1/2-1/2"]
[WhiteElo "2092"]
[BlackElo "2263"]
[PlyCount "78"]
[EventDate "2012.??.??"]

1. c4 g6 2. Nc3 Bg7 3. g3 Nf6 4. Bg2 O-O 5. Nf3 d6 6. O-O e5 7. d3 Qe7 8. Bg5
c6 9. Qd2 Na6 10. Rab1 Nc5 11. b4 Ne6 12. Bxf6 Bxf6 13. b5 Bd7 14. bxc6 bxc6
15. Ne4 Bg7 16. Qb4 c5 17. Qa5 f5 18. Nc3 Qd8 19. Qxd8 Raxd8 20. Nb5 Be8 21.
Nxa7 e4 22. dxe4 fxe4 23. Nd2 Nd4 24. Nxe4 Nxe2+ 25. Kh1 Nd4 26. Ng5 h6 27.
Bd5+ Kh8 28. Ne6 Nxe6 29. Bxe6 g5 30. Rb7 Bg6 31. Bd5 Rde8 32. Nb5 Bd3 33. Kg2
Re2 34. Nxd6 Rxa2 35. Nf7+ Rxf7 36. Rxf7 Bxf1+ 37. Kxf1 Bd4 38. h3 Ra6 39. Kg2
Rf6 1/2-1/2

[Event "Championnat de Paris Open A"]
[Site "Paris"]
[Date "2012.07.13"]
[Round "7.5"]
[White "Manoeuvre, Antoine"]
[Black "Hanchour, Baroudi"]
[Result "0-1"]
[WhiteElo "2247"]
[BlackElo "2180"]
[PlyCount "50"]
[EventDate "2012.??.??"]

1. d4 d5 2. c4 Nc6 3. Nc3 Nf6 4. Nf3 dxc4 5. e4 Na5 6. Qa4+ c6 7. b4 cxb3 8.
axb3 e6 9. Bd2 b6 10. b4 Nb7 11. Qxc6+ Qd7 12. Bb5 Qxc6 13. Bxc6+ Nd7 14. Ne5
a5 15. Nxd7 Bxd7 16. Nb5 Rb8 17. Nc7+ Kd8 18. Na6 Bxc6 19. Nxb8 Bxe4 20. bxa5
Nxa5 21. Bxa5 bxa5 22. O-O Bd6 23. Na6 Bd3 24. Rfc1 Bxa6 25. Rc6 Bb7 0-1

[Event "Championnat de Paris Open A"]
[Site "Paris"]
[Date "2012.07.13"]
[Round "7.6"]
[White "Maisuradze, Nino"]
[Black "Lebrun, Xavier"]
[Result "1-0"]
[WhiteElo "2268"]
[BlackElo "2172"]
[PlyCount "29"]
[EventDate "2012.??.??"]

1. d4 g6 2. c4 Bg7 3. e4 d6 4. Nc3 Nf6 5. f4 O-O 6. Nf3 c5 7. d5 a6 8. Bd3 b5
9. e5 dxe5 10. fxe5 Ng4 11. Qe2 Nd7 12. Bf4 b4 13. Na4 Qa5 14. b3 f6 15. e6 1-0

[Event "Championnat de Paris Open A"]
[Site "Paris"]
[Date "2012.07.13"]
[Round "7.7"]
[White "Baron, Thierry"]
[Black "Carre, Sylvain"]
[Result "1-0"]
[WhiteElo "2274"]
[BlackElo "2150"]
[PlyCount "81"]
[EventDate "2012.??.??"]

1. e4 e5 2. Nf3 Nf6 3. Nxe5 d6 4. Nf3 Nxe4 5. d4 d5 6. Bd3 Bd6 7. O-O O-O 8. c4
c6 9. Qc2 Na6 10. a3 Bg4 11. Ne5 Bxe5 12. dxe5 Nac5 13. f3 Nxd3 14. Qxd3 Nc5
15. Qd4 Nb3 16. Qxg4 Nxa1 17. Bh6 g6 18. Nc3 Nc2 19. Rf2 Ne1 20. Rd2 Re8 21.
Qg3 Qb6+ 22. Kh1 Nd3 23. Rxd3 Qxb2 24. h4 d4 25. Qf4 Qf2 26. Qf6 Qe1+ 27. Kh2
Qxe5+ 28. Qxe5 Rxe5 29. Rxd4 b5 30. cxb5 cxb5 31. Rd7 a5 32. Nd5 Rxd5 33. Rxd5
b4 34. axb4 axb4 35. Rb5 f6 36. Rxb4 Ra5 37. g4 g5 38. hxg5 fxg5 39. Rb7 Rd5
40. Rg7+ Kh8 41. Rf7 1-0

[Event "Championnat de Paris Open A"]
[Site "Paris"]
[Date "2012.07.13"]
[Round "7.8"]
[White "Rene, Benoit"]
[Black "Masset, Jacques"]
[Result "1-0"]
[WhiteElo "2262"]
[BlackElo "2031"]
[PlyCount "73"]
[EventDate "2012.??.??"]

1. g3 e5 2. c4 Nf6 3. Bg2 c6 4. d4 e4 5. Nc3 d5 6. cxd5 cxd5 7. Nh3 Nc6 8. Bg5
Be7 9. Nf4 O-O 10. e3 Be6 11. O-O Nd7 12. Bxe7 Nxe7 13. Rc1 Rc8 14. Qb3 Nb6 15.
Nxe6 fxe6 16. Bh3 Rc6 17. Na4 Nf5 18. Rxc6 bxc6 19. Nc5 Qf6 20. a4 Qh6 21. Bg2
Nc4 22. Qc3 Ncd6 23. Nd7 Rc8 24. Ne5 Nf7 25. Nxf7 Kxf7 26. Qa5 g5 27. Qxa7+ Kf6
28. Qd7 Rg8 29. Rc1 Ne7 30. a5 Rb8 31. a6 Rxb2 32. a7 Ra2 33. Qc7 Qf8 34. Rf1
Qa8 35. f3 Rxa7 36. fxe4+ Kg6 37. Qe5 1-0

[Event "Championnat de Paris Open A"]
[Site "Paris"]
[Date "2012.07.13"]
[Round "7.9"]
[White "Caille, Vincent"]
[Black "Kouptsov, Vladimir"]
[Result "0-1"]
[WhiteElo "1903"]
[BlackElo "2188"]
[PlyCount "64"]
[EventDate "2012.??.??"]

1. e4 c6 2. d4 g6 3. Be3 Bg7 4. c3 Nf6 5. Nd2 O-O 6. Be2 d6 7. g4 e5 8. h4 d5
9. Bg5 exd4 10. e5 d3 11. Bxd3 Re8 12. f4 Qb6 13. Bxf6 Bxf6 14. Ne2 Qe3 15. Nf1
Qf3 16. Nfg3 Qxg4 17. Qd2 Bxh4 18. O-O-O Na6 19. Rdg1 Nc5 20. Bc2 Rxe5 21. Rxh4
Rxe2 22. Qxe2 Qxh4 23. Qe8+ Kg7 24. Qe5+ Kf8 25. Re1 Ne6 26. Qh8+ Ke7 27. f5
Qxg3 28. Rxe6+ fxe6 29. f6+ Kd6 30. Qd8+ Bd7 31. Qxa8 Qe3+ 32. Kd1 Qf3+ 0-1

[Event "Championnat de Paris Open A"]
[Site "Paris"]
[Date "2012.07.13"]
[Round "7.10"]
[White "Louis, Thibault"]
[Black "Pruvot, Louis"]
[Result "1/2-1/2"]
[WhiteElo "2151"]
[BlackElo "2100"]
[PlyCount "107"]
[EventDate "2012.??.??"]

1. e4 e5 2. Nf3 Nc6 3. Bb5 a6 4. Bxc6 dxc6 5. O-O Bg4 6. h3 Bh5 7. g4 Bg6 8.
Nxe5 Qh4 9. Qf3 f6 10. Nxg6 hxg6 11. Kg2 g5 12. d3 Ne7 13. Rh1 O-O-O 14. Nc3
Kb8 15. Be3 Ng6 16. Kf1 Bd6 17. Ke2 Rhe8 18. Raf1 Qh7 19. Kd1 Qg8 20. Kc1 Bb4
21. Bd2 Bxc3 22. Bxc3 Qxa2 23. Kd2 Qa4 24. Re1 Nh4 25. Qg3 Ng6 26. e5 fxe5 27.
Bxe5 Nxe5 28. Rxe5 Qd4 29. Rhe1 Rxe5 30. Qxe5 Qxf2+ 31. Re2 Qf7 32. Qxg5 Rf8
33. Qe5 g6 34. h4 Qf3 35. Qg5 Rh8 36. Qxg6 Rxh4 37. Qe8+ Ka7 38. g5 Rg4 39. Qe5
Qf8 40. c3 Qg8 41. Kc2 Qxg5 42. Qxc7 Rg1 43. Rd2 Qg4 44. Qa5 {=} 44... b6 45.
Qa3 a5 46. c4 Qh4 47. Qd6 Qe1 {=} 48. Qc7+ Ka6 49. Qc8+ Ka7 50. Qc7+ Ka6 51.
Qc8+ Ka7 52. Qc7+ Ka6 53. Qc8+ Ka7 54. Qc7+ 1/2-1/2

[Event "Championnat de Paris Open A"]
[Site "Paris"]
[Date "2012.07.13"]
[Round "7.11"]
[White "Ben Khelifa, Noomene"]
[Black "Pozdnjakov, Viatcheslav"]
[Result "0-1"]
[WhiteElo "2081"]
[BlackElo "2242"]
[PlyCount "156"]
[EventDate "2012.??.??"]

1. d4 d5 2. c4 c6 3. Nc3 Nf6 4. e3 Bf5 5. Nf3 e6 6. Nh4 Bg6 7. Nxg6 hxg6 8. g3
Nbd7 9. a3 a5 10. Bg2 dxc4 11. Qe2 Qb6 12. Qxc4 Qa6 13. Qb3 a4 14. Qc2 e5 15.
Ne2 exd4 16. exd4 Nb6 17. O-O Be7 18. Re1 O-O 19. Bf4 Rfe8 20. Be5 Nfd7 21.
Rac1 Qa5 22. Nc3 Rac8 23. Kh1 g5 24. g4 Bf6 25. Bxf6 Nxf6 26. h3 Rcd8 27. Rxe8+
Rxe8 28. Rd1 Rd8 29. d5 Nfxd5 30. Qf5 Qa8 31. Qxg5 f6 32. Qg6 Nxc3 33. Rxd8+
Qxd8 34. bxc3 Qd1+ 35. Kh2 Qd6+ 36. Kg1 Nd7 37. Qf5 {=} 37... Nf8 38. Bf1 b5
39. c4 b4 40. axb4 Qxb4 41. c5 a3 42. Qc2 Kh8 43. Bd3 Nd7 44. Bc4 Qxc5 45. Qd3
Nf8 46. Ba2 Qb4 47. Kg2 g6 48. Qf3 Qd6 49. Qb3 {=} 49... Qd5+ 50. Qxd5 cxd5 51.
Bxd5 Nd7 52. Kf3 Nb6 53. Bb3 Na4 54. Kf4 Nc5 55. Bc4 Nd3+ 56. Ke3 Nb4 57. h4 a2
58. Bxa2 Nxa2 59. g5 fxg5 60. hxg5 Nb4 61. Ke4 Nc6 62. Kd5 Ne7+ 63. Ke6 Nf5 64.
Kf6 Kh7 65. f3 Nh4 66. f4 Kg8 67. Ke6 Kg7 68. Ke5 Kf7 69. Kd6 Nf5+ 70. Kd7 Ng7
71. Kd6 Ke8 72. Ke5 Ke7 73. Kd5 Nf5 74. Ke5 Nd6 75. Kd5 Nf7 76. f5 gxf5 77. Kd4
Ke6 78. g6 Nh6 0-1

[Event "Championnat de Paris Open A"]
[Site "Paris"]
[Date "2012.07.13"]
[Round "7.12"]
[White "Fedoryshyn, Ievgenii"]
[Black "Vasilescu, Victor"]
[Result "1-0"]
[WhiteElo "2188"]
[BlackElo "2077"]
[PlyCount "81"]
[EventDate "2012.??.??"]

1. e4 g6 2. d4 Bg7 3. Nf3 d6 4. Bd3 Nf6 5. O-O O-O 6. h3 Nbd7 7. Be3 e5 8. d5
c6 9. c4 c5 10. Nc3 a6 11. a3 Ne8 12. g4 Bf6 13. Qd2 Ng7 14. Bh6 Qe8 15. Kg2
Bd8 16. Rab1 Kh8 17. Rg1 Nf6 18. b4 b6 19. Nh2 Ng8 20. Bxg7+ Kxg7 21. Kh1 h6
22. Ne2 Kh7 23. f4 f6 24. Nf3 g5 25. fxe5 fxe5 26. Rbf1 Ra7 27. Ng3 Rf4 28. Nh2
Raf7 29. Nf5 Bxf5 30. Rxf4 exf4 31. exf5 Bf6 32. Re1 Be5 33. f6+ Kh8 34. Bg6
Qf8 35. Bxf7 Qxf7 36. Nf3 Qxf6 37. Nxe5 dxe5 38. Qe2 Qg6 39. Qxe5+ Kh7 40. d6
Qd3 41. Qe4+ 1-0

[Event "Championnat de Paris Open A"]
[Site "Paris"]
[Date "2012.07.13"]
[Round "7.13"]
[White "Aurel, Luc"]
[Black "Marek, Yves"]
[Result "0-1"]
[WhiteElo "2175"]
[BlackElo "2070"]
[PlyCount "90"]
[EventDate "2012.??.??"]

1. e4 e5 2. Nf3 Nc6 3. Bc4 Nf6 4. d4 exd4 5. e5 d5 6. Bb5 Ne4 7. Nxd4 Bd7 8.
Bxc6 bxc6 9. Be3 Be7 10. O-O c5 11. Nb3 Bb5 12. Re1 d4 13. Bxd4 cxd4 14. Rxe4
c5 15. c3 Qd5 16. f3 d3 17. Na3 c4 18. Nxb5 Qxb5 19. Nd2 Rc8 20. Kh1 O-O 21.
Rb1 Rfd8 22. f4 g6 23. Qf3 Qa6 24. a3 Rd7 25. g3 Qe6 {=} 26. Kg2 Rdc7 27. g4 f5
28. exf6 Qxf6 29. Rbe1 Bf8 30. Re6 Qf7 31. Qe4 Qd7 32. f5 gxf5 33. gxf5 Qb5 34.
Rb1 Rc5 35. Kh1 Rxf5 36. Rg1+ Rg5 37. Rg4 Rxg4 38. Qxg4+ Kh8 39. Re4 Rd8 40.
Qf4 Bg7 41. Qc7 Rg8 42. Qxc4 {=} 42... Qxb2 43. Qxd3 Bxc3 44. Rh4 Qb7+ 45. Qe4
Qg7 0-1

[Event "Championnat de Paris Open A"]
[Site "Paris"]
[Date "2012.07.13"]
[Round "7.14"]
[White "Pluyaud, Benoit"]
[Black "Martin, Axel"]
[Result "0-1"]
[WhiteElo "2150"]
[BlackElo "2066"]
[PlyCount "145"]
[EventDate "2012.??.??"]

1. Nf3 Nf6 2. g3 g6 3. Bg2 Bg7 4. O-O O-O 5. d3 d5 6. Nbd2 c5 7. e4 e6 8. Re1
Nc6 9. c3 b6 10. Qa4 Bb7 11. Nf1 d4 12. e5 Nd5 13. c4 b5 14. Qxb5 Ndb4 15. Rd1
Rb8 16. Qa4 Qc7 17. a3 Na6 18. Bf4 Bc8 19. Rab1 Nxe5 20. Nxe5 Bxe5 21. Bh6 Bg7
22. Bxg7 Kxg7 23. b4 Bb7 24. Bxb7 Qxb7 25. b5 Nc7 26. Qc2 e5 27. Qe2 Rbe8 28.
Nd2 f5 29. f3 Rf6 30. Re1 Rfe6 31. Qg2 R8e7 32. a4 Ne8 33. Re2 Nf6 34. Rbe1 g5
35. Qh3 Kg6 36. g4 fxg4 37. fxg4 h6 38. Ne4 Nxe4 39. Rxe4 Qc7 40. Qg3 Qa5 41.
Rf1 Rf6 42. Rxf6+ Kxf6 43. Re1 Kg6 44. h4 Qd2 45. h5+ Kg7 46. Rf1 e4 47. dxe4
Qe3+ 48. Qxe3 dxe3 49. Rb1 Rxe4 50. Kf1 Rxc4 51. a5 Rxg4 52. b6 axb6 53. axb6
Rf4+ 54. Ke2 Rf8 55. Kxe3 Kf6 56. Ke4 Re8+ 57. Kd5 Rb8 58. Kxc5 Ke5 59. Kc6 Kf4
60. Rh1 Rf8 61. Kc7 Rf7+ 62. Kb8 Rf8+ 63. Ka7 Kg3 64. b7 Rg8 65. b8=Q+ Rxb8 66.
Kxb8 g4 67. Kc7 Kg2 68. Ra1 g3 69. Kd6 Kh3 70. Ke5 Kg4 71. Rg1 Kxh5 72. Kf4 Kh4
73. Rh1# 0-1

[Event "Championnat de Paris Open A"]
[Site "Paris"]
[Date "2012.07.13"]
[Round "7.15"]
[White "Rakem, Zine-Eddine"]
[Black "Stoeri, Laura"]
[Result "1-0"]
[WhiteElo "2139"]
[BlackElo "2066"]
[PlyCount "145"]
[EventDate "2012.??.??"]

1. Nf3 Nf6 2. g3 g6 3. Bg2 Bg7 4. O-O O-O 5. d3 d5 6. Nbd2 c5 7. e4 e6 8. Re1
Nc6 9. c3 b6 10. Qa4 Bb7 11. Nf1 d4 12. e5 Nd5 13. c4 b5 14. Qxb5 Ndb4 15. Rd1
Rb8 16. Qa4 Qc7 17. a3 Na6 18. Bf4 Bc8 19. Rab1 Nxe5 20. Nxe5 Bxe5 21. Bh6 Bg7
22. Bxg7 Kxg7 23. b4 Bb7 24. Bxb7 Qxb7 25. b5 Nc7 26. Qc2 e5 27. Qe2 Rbe8 28.
Nd2 f5 29. f3 Rf6 30. Re1 Rfe6 31. Qg2 R8e7 32. a4 Ne8 33. Re2 Nf6 34. Rbe1 g5
35. Qh3 Kg6 36. g4 fxg4 37. fxg4 h6 38. Ne4 Nxe4 39. Rxe4 Qc7 40. Qg3 Qa5 41.
Rf1 Rf6 42. Rxf6+ Kxf6 43. Re1 Kg6 44. h4 Qd2 45. h5+ Kg7 46. Rf1 e4 47. dxe4
Qe3+ 48. Qxe3 dxe3 49. Rb1 Rxe4 50. Kf1 Rxc4 51. a5 Rxg4 52. b6 axb6 53. axb6
Rf4+ 54. Ke2 Rf8 55. b7 Rb8 56. Kxe3 Kf6 57. Ke4 Re8+ 58. Kd5 Rb8 59. Kxc5 Kf5
60. Kc6 Kg4 61. Rh1 Rf8 62. Kc7 Rf7+ 63. Kb6 Rf8 64. Ka7 Kg3 65. b8=Q+ Rxb8 66.
Kxb8 g4 67. Kc7 Kg2 68. Ra1 g3 69. Kd6 Kh3 70. Ke5 Kg4 71. Rg1 Kxh5 72. Kf5 Kh4
73. Rh1# 1-0

[Event "Championnat de Paris Open A"]
[Site "Paris"]
[Date "2012.07.13"]
[Round "7.16"]
[White "Ferry, Roger"]
[Black "Lambert, Romain"]
[Result "0-1"]
[WhiteElo "2062"]
[BlackElo "2138"]
[PlyCount "144"]
[EventDate "2012.??.??"]

1. d4 d5 2. Nf3 Nf6 3. Bf4 c5 4. dxc5 Nc6 5. c3 e6 6. b4 a5 7. b5 Ne7 8. Nbd2
Ng6 9. Bg3 Bxc5 10. e3 O-O 11. Bd3 a4 12. Qc2 Qb6 13. Nh4 e5 14. Nxg6 hxg6 15.
Bxe5 Bxe3 16. O-O Bc5 17. Rab1 Bd7 {=} 18. c4 Rfc8 19. Qb2 Ng4 20. Bg3 Bd4 21.
Qc2 Be6 22. Qd1 dxc4 23. Bc2 Rd8 24. Qe2 Rac8 25. Nf3 Bc5 26. Bxa4 Qa5 27. Bd1
Bf5 28. Rc1 Bd3 29. Qd2 Qxd2 30. Nxd2 Nf6 31. Re1 Ba3 32. Rb1 Bxb1 33. Nxb1 Bb4
34. Rf1 Ra8 35. a4 c3 36. Bc2 Rac8 37. h3 Re8 38. Rc1 Ne4 39. Bf4 Nd2 40. Be3
Nxb1 41. Rxb1 Bc5 42. a5 Bxe3 43. fxe3 Ra8 44. Ra1 Re5 45. Bd3 Rxe3 46. Bf1 c2
47. a6 bxa6 48. bxa6 Rb3 49. Rc1 Rxa6 50. Rxc2 Rb1 51. Rf2 Rf6 52. g3 Kf8 53.
Kg2 Rxf2+ 54. Kxf2 Ke7 55. Be2 f5 56. Kf3 Rb3+ 57. Kf2 Ra3 58. Bc4 g5 59. Kg2
Kf6 60. Kf2 Ke5 61. Bf7 f4 62. gxf4+ gxf4 63. Kg2 g5 64. Bh5 Rg3+ 65. Kh2 Kd4
66. Be8 Ke3 67. Bc6 Kf2 68. Bb7 f3 69. Bc6 Rg2+ 70. Kh1 Kg3 71. Bb7 Rb2 72. Be4
Re2 0-1

[Event "Championnat de Paris Open A"]
[Site "Paris"]
[Date "2012.07.13"]
[Round "7.17"]
[White "Denous, Cyprien"]
[Black "Gautier, Serge"]
[Result "0-1"]
[WhiteElo "2053"]
[BlackElo "2134"]
[PlyCount "90"]
[EventDate "2012.??.??"]

1. e4 c5 2. c3 Nf6 3. e5 Nd5 4. Nf3 e6 5. d4 cxd4 6. cxd4 d6 7. a3 Nc6 8. Bd3
Be7 9. O-O O-O 10. Re1 Bd7 11. Nc3 Nxc3 12. bxc3 dxe5 13. Nxe5 Nxe5 14. Rxe5
Bf6 {=} 15. Re3 g6 16. Rg3 Rc8 17. Bh6 Bg7 18. Qd2 Bxh6 19. Qxh6 Qf6 20. Be4
Bc6 21. Bxc6 Rxc6 22. Rh3 Qg7 23. Qd2 Rfc8 24. Rc1 Rc4 25. Rd3 Qf8 26. h4 Qxa3
27. h5 Qe7 28. d5 exd5 29. Rxd5 R4c5 30. Rd7 Qh4 31. hxg6 hxg6 32. Rd3 Rh5 33.
Rh3 Qg5 34. f4 Qc5+ 35. Kh2 Rxh3+ 36. Kxh3 Re8 37. Re1 Rxe1 38. Qxe1 b5 39. g4
a5 40. Qd2 Kg7 41. f5 Qe5 42. fxg6 Kxg6 43. Qd3+ Kg7 44. Kh4 Qh2+ 45. Kg5 f6+
0-1

[Event "Championnat de Paris Open A"]
[Site "Paris"]
[Date "2012.07.13"]
[Round "7.18"]
[White "Imbert, Christophe"]
[Black "Ternault, Mathieu"]
[Result "0-1"]
[WhiteElo "2033"]
[BlackElo "2130"]
[PlyCount "117"]
[EventDate "2012.??.??"]

1. e4 e6 2. d4 d5 3. Nc3 Bb4 4. e5 c5 5. a3 Bxc3+ 6. bxc3 Ne7 7. Nf3 b6 8. Bb5+
Bd7 9. Bd3 Ba4 10. O-O h6 11. dxc5 bxc5 12. Re1 Nbc6 13. g3 Rb8 14. Bf1 O-O 15.
Be3 Qa5 16. Qd2 Nf5 17. Bf4 d4 18. g4 dxc3 19. Qc1 Nfd4 20. Bg2 f5 21. Nh4 Ne7
22. gxf5 exf5 23. Nxf5 Ndxf5 24. Be4 Qc7 25. Bxf5 Rxf5 26. Bg3 Bc6 27. Rd1 Ba8
28. Rd6 Qb7 29. Kf1 Qg2+ 30. Ke2 Rbf8 31. Qe3 Bd5 32. Re1 Rc8 33. Qxc3 Rf3 34.
Qa5 Kh7 35. Qxa7 Rc3 36. Rd7 Rg8 37. Kd2 Rxg3 38. hxg3 Qxf2+ 39. Re2 Qd4+ 40.
Ke1 Qg1+ 41. Kd2 Qd4+ 42. Ke1 Qc3+ 43. Kf2 Qf3+ 44. Ke1 Qxg3+ 45. Kd2 Qf4+ 46.
Ke1 Qc1+ 47. Kf2 Qf4+ 48. Ke1 Qc1+ 49. Kf2 Bc4 50. Qxc5 Qf4+ 51. Ke1 Rf8 52.
Qg1 Qc1+ 53. Rd1 Qxa3 54. Rd7 Qa1+ 55. Rd1 Qc3+ 56. Rdd2 Bxe2 57. Kxe2 Qf3+ 58.
Ke1 Rb8 59. Rd1 0-1

[Event "Championnat de Paris Open A"]
[Site "Paris"]
[Date "2012.07.13"]
[Round "7.19"]
[White "Eden, James"]
[Black "Mehaibia, Azzedine"]
[Result "1-0"]
[WhiteElo "2129"]
[BlackElo "2053"]
[PlyCount "77"]
[EventDate "2012.??.??"]

1. e4 Nf6 2. e5 Nd5 3. c4 Nb6 4. d4 d6 5. exd6 cxd6 6. Nc3 g6 7. Be3 Bg7 8. h4
Nc6 9. Qd2 e5 10. d5 Nd4 11. O-O-O Nf5 12. h5 Nxe3 13. Qxe3 Bf5 14. Be2 Bf6 15.
f4 O-O 16. g4 exf4 17. Qh3 Re8 18. gxf5 Re3 19. Qg2 Rg3 20. Qe4 Bxc3 21. bxc3
Na4 22. fxg6 Rxc3+ 23. Kd2 Re3 24. gxh7+ Kh8 25. Qd4+ f6 26. Qxf4 Re5 27. Ke1
Qe7 28. Rh2 Nc3 29. Rd2 Ne4 30. Nf3 Nxd2 31. Nxe5 fxe5 32. Qxd2 Qg7 33. Qe3 e4
34. Rf2 Re8 35. Rf1 Qb2 36. Rg1 Kxh7 37. Rg6 Qb1+ 38. Kf2 Rf8+ 39. Kg2 1-0

[Event "Championnat de Paris Open A"]
[Site "Paris"]
[Date "2012.07.13"]
[Round "7.20"]
[White "Vallepin, Cedric"]
[Black "Mezioud, Rimel"]
[Result "0-1"]
[WhiteElo "2125"]
[BlackElo "2034"]
[PlyCount "73"]
[EventDate "2012.??.??"]

1. d4 d5 2. c4 e6 3. Nc3 Nf6 4. Bg5 Be7 5. cxd5 exd5 6. e3 h6 7. Bh4 O-O 8. Bd3
b6 9. Qc2 Bb7 10. Nge2 Nbd7 11. O-O-O c5 12. f3 a6 13. Bxf6 Bxf6 14. dxc5 Nxc5
15. Bf5 Re8 16. Nxd5 Bxd5 17. e4 {=} 17... Re5 18. exd5 Rxd5 19. Kb1 Qd6 20.
Rxd5 Qxd5 21. Be4 Nxe4 22. Qxe4 Qxe4+ 23. fxe4 Re8 24. Ng3 Bh4 25. Nf5 Rxe4 26.
Rf1 Bg5 27. Nd6 Re7 28. Rf2 g6 29. Kc2 f5 30. Kc3 b5 31. Kb3 Rd7 32. Nc8 a5 33.
a4 Rd3+ 34. Kc2 Rd4 35. Nb6 bxa4 36. Re2 Kf7 37. Kb1 0-1

[Event "Championnat de Paris Open A"]
[Site "Paris"]
[Date "2012.07.13"]
[Round "7.22"]
[White "Gailliegue, Florian"]
[Black "Guiot, Jerome"]
[Result "1-0"]
[WhiteElo "1984"]
[BlackElo "2110"]
[PlyCount "81"]
[EventDate "2012.??.??"]

1. d4 Nf6 2. Nc3 c5 3. d5 d6 4. e4 g6 5. h4 Bg7 6. h5 Nxh5 7. Be2 Nf6 8. g4 a6
9. a4 e5 10. dxe6 Bxe6 11. Bf4 d5 12. Bg5 d4 13. e5 dxc3 14. Qxd8+ Kxd8 15.
exf6 Bf8 16. b3 Bd6 17. Bh6 Re8 18. Be3 Nd7 19. O-O-O Kc7 20. g5 b5 21. a5 Nf8
22. Nh3 Bf5 23. Nf4 Kc6 24. Rxd6+ Kxd6 25. Rd1+ Kc6 26. Nd5 Rxe3 27. fxe3 Rb8
28. Bf3 Re8 29. Nb4+ Kc7 30. Nxa6+ Kc8 31. Nxc5 Kb8 32. Na6+ Kc8 33. Bc6 Rxe3
34. Nb4 Ne6 35. Bxb5 Nxg5 36. Nd5 Re5 37. a6 Kb8 38. Nxc3 Ne6 39. Rd7 Nc7 40.
a7+ Kxa7 41. Rxc7+ 1-0

[Event "Championnat de Paris Open A"]
[Site "Paris"]
[Date "2012.07.13"]
[Round "7.23"]
[White "Gidel, Jean-Louis"]
[Black "Gros, Alexandre"]
[Result "1/2-1/2"]
[WhiteElo "2101"]
[BlackElo "1988"]
[PlyCount "35"]
[EventDate "2012.??.??"]

1. c4 Nf6 2. g3 g6 3. Bg2 c5 4. Nc3 Bg7 5. Nf3 Nc6 6. d4 cxd4 7. Nxd4 O-O 8.
O-O Nxd4 9. Qxd4 d6 10. Qd3 a6 11. Be3 Ng4 12. Bd4 Ne5 13. Qe4 Rb8 14. b3 Bd7
15. Rfd1 Bc6 16. Qc2 Bxg2 17. Kxg2 Qd7 18. Rac1 1/2-1/2